01475 a2200193 45000010006000000050017000060080041000230030015000640400040000790800066001192450161001850200022003462640043003683000019004115050720004300410008011501000028011588560095011864048620260407155700.0260407a2014 arg spa dAR-UNSa-BCEJYS aAR-UNSa-BCEJYSbspacAR-UNSa-BCEJYS a657.375xClases de balances (anuales, de prueba, social etc.)10aEl balance social en las normas contables argentinaspanálisis y aplicación de la Resolución Técnica Nº 36 y la interpretación Nº 6 de la FACPCE a978-987-716-022-2 1aBuenos Aires :bOsmar D. Buyattic2014 a184 p.c22 cm. a1. La posibilidad dereflejar en los informes contables el cumplimiento por parte de los entes de su responsabilidad social - 2. La información referida a la responsabilidad social de los entes económicos en el contexto de las normas contables profesionales argentinas - 3. El balance social en las normas contables argentinas - 4. La memoria de sustentabilidad - 5. La interpretación Nº 6 - Auditoría o revisión del balance social - 6. El estado del valor económico generado y distribuido (EVEGYD) - 7. El EVEGYD en las cooperativas y en los entes sin fines de lucro - 8. El EVEGYD en entes dedicados a la actividad agropecuaria - 9. El EVEGYD en moneda homogénea - 10. El estado de la productividad aspa1 aTorres, Carlos Federico41uhttps://biblioeco.unsa.edu.ar/pmb/images/libros/L126012.jpgyImagen de portadaqimage/jpeg